000 01413nam a2200361Ia 4500
001 ebr10175216
003 CaPaEBR
006 m u
007 cr cn|||||||||
008 041019s2005 enka fsb 001 0 eng d
020 _z0335215033 (hbk.)
020 _z9780335228331
020 _z9780335215034 (hbk.)
020 _z0335215025 (pbk.)
020 _z9780335215027 (pbk.)
040 _aCaPaEBR
_cCaPaEBR
035 _a(OCoLC)568049499
050 1 4 _aLB2395
_b.W385 2005eb
100 1 _aWatson, David,
_d1949-
245 1 0 _aManaging institutional self-study
_h[electronic resource] /
_cDavid Watson and Elizabeth Maddison.
260 _aMaidenhead, England :
_bOpen University Press,
_c2005.
300 _axix, 189 p. :
_bill.
490 1 _aManaging universities and colleges
504 _aIncludes bibliographical references (p. [167]-178) and index.
533 _aElectronic reproduction.
_bPalo Alto, Calif. :
_cebrary,
_d2009.
_nAvailable via World Wide Web.
_nAccess may be limited to ebrary affiliated libraries.
650 0 _aStudy skills.
650 0 _aEducation, Higher
_zGreat Britain.
655 7 _aElectronic books.
_2local
700 1 _aMaddison, Elizabeth.
710 2 _aebrary, Inc.
830 0 _aManaging universities and colleges.
856 4 0 _uhttp://site.ebrary.com/lib/rucke/Doc?id=10175216
_zAn electronic book accessible through the World Wide Web; click to view
999 _c237046
_d237046